Представление документа в формате MARC21

Поле Инд. ПП Название Значение
Тип записи a
Библиографический уровень m
001 Контрольный номер RU/IS/BASE/213788988
005 Дата корректировки 20251010171302.4
020 a ISBN 5-94648-043-X
084 a Индекс другой классификации/Индекс ББК 60.55-42я73-3; 88.54я73-3; 88.362я73-3; 65.050.2я73-3; 65.290-64-21я73-3
090 a Полочн. индекс 60.55-42я73-3 испр.
x Авторский знак О-641
245 10 a Заглавие Организационное поведение
b Продолж. заглавия хрестоматия: учебное пособие для факультетов психологических, экономических и менеджмента
c Ответственность редакция, составление Д. Я. Редгорского
260 b Издательство БАХРАХ-М
c Дата издания 2006
a Место издания Самара
300 d переплет
a Объем 752 с.
b Иллюстрации/ тип воспроизводства схем., табл.
336 a Термин вида содержания Текст
337 a Термин типа средства непосредственный
440 _0 a Серия Менеджмент
505 0_ a Форматированное содержание Личность и социальные роли
b Автор Ольшанский Б. Б.
505 0_ a Форматированное содержание Группы и их значимость
b Автор Мескон М. Х.
b Автор Альберт И.
b Автор Хедоури Ф.
505 0_ a Форматированное содержание Лидерство руководителя и поведение группы
b Автор О'Шонесси Дж.
505 0_ a Форматированное содержание Психологический климат: метафора или реальность
b Автор Кричевский Р. Л.
505 0_ a Форматированное содержание Формы становления личности в процессе ее профессионализации
b Автор Фонарев А. Р.
505 0_ a Форматированное содержание Кризисы профессионального становления личности
b Автор Зеер Э. Ф.
b Автор Сыманюк Э. Э.
505 0_ a Форматированное содержание Управление карьерой в огранизации
b Автор Толстая А. Н.
505 0_ a Форматированное содержание Психологические аспекты индивидуальной карьеры
b Автор Почебут Л. Г.
b Автор Чикер В. А.
505 0_ a Форматированное содержание Формирование, упадок и возрождение доверия в организации
b Автор Кенджеми Дж. П.
b Автор Райс Дж.
b Автор Ковальски К. Дж.
505 0_ a Форматированное содержание Введение в организационное поведение
b Автор Молл Е. Г.
505 0_ a Форматированное содержание Понятие социальной организации
b Автор Пригожин А. И.
505 0_ a Форматированное содержание Организационная структура и функционирование организации
b Автор Кунц Г.
b Автор О'Доннел С.
505 0_ a Форматированное содержание Организационная культура
b Автор Молл Е. Г.
505 0_ a Форматированное содержание Организационная культура
b Автор Радугин А. А.
505 0_ a Форматированное содержание Организационная культура
b Автор Магура М. И.
b Автор Курбатова М. Б.
505 0_ a Форматированное содержание Организационная культура
b Автор Коновалова В. Г.
505 0_ a Форматированное содержание Социокультура организации
b Автор Ладанов И. А.
505 0_ a Форматированное содержание Организационные отношения
b Автор Мастенбрук М. У.
505 0_ a Форматированное содержание Человек в организационной системе
b Автор Красовский Ю. Л.
505 0_ a Форматированное содержание Способы установления взаимодействия человека и организации
b Автор Виханский О. С.
505 0_ a Форматированное содержание Человек в организации
b Автор Виханский О. С.
b Автор Наумов А. И.
505 0_ a Форматированное содержание Теоретическое обоснование понятия поведение
b Автор Громкова М. Т.
505 0_ a Форматированное содержание Психологические основы поведения работника в коллективе
b Автор Кочеткова Л. И.
505 0_ a Форматированное содержание Поведение
b Автор Рюкле Х.
505 0_ a Форматированное содержание Управление поведением персонала организации
b Автор Коновалова В. Г.
505 0_ a Форматированное содержание Маркетинговый самоконтроль поведения
b Автор Красовский Ю. А.
505 0_ a Форматированное содержание Личности
b Автор Колеманн Д.
505 0_ a Форматированное содержание Представления о личности: три главные школы
b Автор Дизель П. М.
b Автор Раньян У. М.
505 0_ a Форматированное содержание Человеческая природа и характер
b Автор Фромм Э.
521 0_ a Примеч. о целев. назн. студенты; аспиранты; преподаватели; менеджеры; управляющие
650 04 a Основная рубрика организационное поведение
a Основная рубрика социология
a Основная рубрика социология организаций
653 0_ a Ключевые слова группы
a Ключевые слова доверие
a Ключевые слова карьера
a Ключевые слова коллектив
a Ключевые слова комитеты
a Ключевые слова конфликты
a Ключевые слова кризис
a Ключевые слова лидерство
a Ключевые слова личность
a Ключевые слова маркетинговая поведенческая среда
a Ключевые слова менеджмент
a Ключевые слова неформальные группы
a Ключевые слова неформальные организации
a Ключевые слова организационная культура
a Ключевые слова организационная психология
a Ключевые слова организационное окружение
a Ключевые слова организационные отношения
a Ключевые слова организационные системы
a Ключевые слова организационные ценности
a Ключевые слова организация
a Ключевые слова поведение
a Ключевые слова природа человека
a Ключевые слова профессионализация
a Ключевые слова профессиональное развитие
a Ключевые слова психологический климат
a Ключевые слова ролевые конфликты
a Ключевые слова руководители
a Ключевые слова самооценка
a Ключевые слова социальные организации
a Ключевые слова социальные роли
a Ключевые слова социальный статус
a Ключевые слова социокультура
a Ключевые слова становление личности
a Ключевые слова управление карьерой
a Ключевые слова управление поведением
a Ключевые слова формальные группы
a Ключевые слова характер
a Ключевые слова человек
a Ключевые слова Я-концепция (образ Я)
655 a Жанр/ форма (устаревшее) хрестоматия; учебное пособие
700 12 a Автор Райгородский Д. Я.
e Роль лиц редактор; составитель
q Полное имя Райгородский Даниил Яковлевич
700 1_ a Автор Олбшанский Б. Б.
700 1_ a Автор Мескон М. Х.
700 1_ a Автор Альберт И.
700 1_ a Автор Хедоури Ф.
700 1_ a Автор О'Шонесси Дж.
700 1_ a Автор Кричевский Р. Л.
700 1_ a Автор Фонарев А. Р.
700 1_ a Автор Зеер Э. Ф.
700 1_ a Автор Сыманюк Э. Э.
700 1_ a Автор Толстая А. Н.
700 1_ a Автор Почебут Л. Г.
700 1_ a Автор Чикер В. А.
700 1_ a Автор Кенджеми Дж. П.
700 1_ a Автор Райс Дж.
700 1_ a Автор Ковальски К. Дж.
700 1_ a Автор Молл Е. Г.
700 1_ a Автор Пригожин А. И.
700 1_ a Автор Кунц Г.
700 1_ a Автор О'Доннел С.
700 1_ a Автор Радугин А. А.
700 1_ a Автор Магура М. И.
700 1_ a Автор Курбатова М. Б.
700 1_ a Автор Коновалова В. Г.
700 1_ a Автор Ладанов И. А.
700 1_ a Автор Мастенбрук М. У.
700 1_ a Автор Красовский Ю. Л.
700 1_ a Автор Виханский О. С.
700 1_ a Автор Наумов А. И.
700 1_ a Автор Громкова М. Т.
700 1_ a Автор Кочеткова Л. И.
700 1_ a Автор Рюкле Х.
700 1_ a Автор Красовский Ю. А.
700 1_ a Автор Колеманн Д.
700 1_ a Автор Дизель П. М.
700 1_ a Автор Раньян У. М.
700 1_ a Автор Фромм Э.
901 t Тип документа m
952 a Тип литературы для КСУ ВШ УИ